000 00303nam a22001217a 4500
020 _a9788192173863
082 _a633.08
_bPAR/GE
245 _aGenetically Modified Crops and its Future
260 _aNew Delhi
_bBio - Green Books
_c2012
300 _a304
700 _aParthasarathi M.
_91179
942 _cBK
999 _c14675
_d14675